banner koha

Shelf life of irradiated minimally processed (MP)watercress (Nasturtium officinale) (Registro n. 188823)

MARC details
000 -LÍDER
campo de controle de tamanho fixo 01145nas a2200385 4500
001 - NÚMERO DE CONTROLE
campo de controle BR0702004
003 - IDENTIFICADOR DO NÚMERO DE CONTROLE
campo de controle BR-BrBNA
005 - DATA E HORÁRIO DA ÚLTIMA TRANSAÇÃO
campo de controle 20231205110735.0
007 - CAMPO FIXO DE DESCRIÇÃO FÍSICA--INFORMAÇÃO GERAL
campo de controle de tamanho fixo ta
008 - CAMPO DE DADOS FIXOS--INFORMAÇÃO GERAL
campo de controle de tamanho fixo 230509b bl.|||p| |||| 00| 00por d
040 ## - FONTE DA CATALOGAÇÃO
Instituição da catalogação original BR-BrBNA
Idioma da catalogação por
Instituição que transcreveu o registro Biblioteca Nacional de Agricultura
041 ## - CÓDIGO DE IDIOMA
Código do idioma do texto/trilha sonora ou título diferente (En)
072 ## - CÓDIGO DE CATEGORIA DE ASSUNTO
Código de Categoria de Assunto Q02; Q03; Q04
100 1# - ENTRADA PRINCIPAL--NOME PESSOAL
Nome pessoal Martins, C.G.
100 1# - ENTRADA PRINCIPAL--NOME PESSOAL
Nome pessoal Behrens, J.H.
100 1# - ENTRADA PRINCIPAL--NOME PESSOAL
Nome pessoal Aragon-Alegro, L.C.
100 1# - ENTRADA PRINCIPAL--NOME PESSOAL
Nome pessoal Vieira, V.S.
100 1# - ENTRADA PRINCIPAL--NOME PESSOAL
Nome pessoal Costa-Sobrinho, P.S.
100 1# - ENTRADA PRINCIPAL--NOME PESSOAL
Nome pessoal Vizeu, D.M.
100 1# - ENTRADA PRINCIPAL--NOME PESSOAL
Nome pessoal Hutzler, B.
100 1# - ENTRADA PRINCIPAL--NOME PESSOAL
Nome pessoal Franco, B.D.G. de M.
100 1# - ENTRADA PRINCIPAL--NOME PESSOAL
Nome pessoal Destro, M.T.
100 1# - ENTRADA PRINCIPAL--NOME PESSOAL
Nome pessoal Landgraf, M.
245 1# - TÍTULO
Título Shelf life of irradiated minimally processed (MP)watercress (Nasturtium officinale)
650 ## - ASSUNTO--TERMO TÓPICO
Cabeçalho tópico ou nome geográfico AGRIÃO
650 ## - ASSUNTO--TERMO TÓPICO
Cabeçalho tópico ou nome geográfico IRRADIAÇÃO
650 ## - ASSUNTO--TERMO TÓPICO
Cabeçalho tópico ou nome geográfico PROCESSAMENTO MÍNIMO
650 ## - ASSUNTO--TERMO TÓPICO
Cabeçalho tópico ou nome geográfico PROPRIEDADE ORGANOLÉPTICA
650 ## - ASSUNTO--TERMO TÓPICO
Cabeçalho tópico ou nome geográfico SABOR
650 ## - ASSUNTO--TERMO TÓPICO
Cabeçalho tópico ou nome geográfico EMBALAGEM
650 ## - ASSUNTO--TERMO TÓPICO
Cabeçalho tópico ou nome geográfico ANÁLISE MICROBIOLÓGICA
773 0# - ENTRADA ANALÍTICA
Título Ciência e Tecnologia de Alimentos (Brazil)
ISSN - International Standard Serial Number ISSN 0101-2061
Partes relacionadas (Jan-Mar 2007), v. 27(1) p. 44-48
Número de controle do registro BR0702004
909 ## -
-- 202311
-- Lúcia
-- 55
-- Lúcia Elande
942 ## - ELEMENTOS DE ENTRADA ADICIONADOS (KOHA)
Fonte da classificação ou esquema de arquivamento na estante Classificação AGRIS
Ocultar no OPAC Não
Tipo de material Koha Analítica
Exemplares
Situação do descarte Fonte da classificação ou esquema de arquivamento na estante Situação física Não pode ser emprestado Biblioteca de origem Biblioteca atual Localização na estante Enumeração do periódico / cronologia Total de empréstimos Data de último acesso Número do exemplar Tipo de material Koha Fonte de aquisição
  Classificação AGRIS   Consulta local Biblioteca Nacional de Agricultura - Binagri Biblioteca Nacional de Agricultura - Binagri   (Jan-Mar 2007), v. 27(1) p. 44-48   29/11/2023 01 Periódicos Portaria Interministerial nº 164/94

BINAGRI

Telefone: (61)3218-2567/2388/3357/2097 - binagri@agro.gov.br

Ministério da Agricultura e Pecuária , Esplanada dos Ministérios, Bloco D, Anexo B, Brasília/DF, CEP: 70.043-900